000 00865nas a2200277 4500
001 BR2015005317
003 BR-BrBNA
005 20231205125727.0
007 ta
008 230509b bl.|||p| |||| 00| 00por d
040 _aBR-BrBNA
_bpor
_cBiblioteca Nacional de Agricultura
041 _a(Pt)
072 _aH10
100 1 _aGonçalves, S.G.
100 1 _aSilva, C.A.D. da
100 1 _aDuarte, M. de M.F.
100 1 _aVaconcelos, E.D.
245 1 _aOviposição do curuquerê e alimentação de suas lagartas neonatas em algodoeiros tratados com caulim
650 _aALGODÃO
650 _aPRAGA DE PLANTA
650 _aLAGARTA
650 _aCURUQUERÊ
773 0 _tPesquisa Agropecuária Brasileira (Brazil)
_xISSN 0100-204X
_g(Jul 2015), v. 50(7) p. 526-533
_wBR2015005317
909 _a202311
_bLúcia
_c55
_dLúcia Elande
942 _2AGRIS
_n0
_cANA
999 _c245799
_d245799